| 000 | 00711nam a2200229 u 4500 | ||
|---|---|---|---|
| 005 | 20240228064002.0 | ||
| 008 | 090521s2005 ag r 000 0 spa d | ||
| 020 | _a950808376X | ||
| 035 | _aUPN01000170567 | ||
| 049 | _aI | ||
| 050 | 4 |
_aLB1582 A7 _bA4.3 |
|
| 100 | 1 |
_aAlonso, María Cristina, _d1955- _930692 |
|
| 245 | 1 | 0 |
_aHistorias de inmigrantes / _cMaría Cristina Alonso, Marta Pasut. |
| 260 |
_aRosario, Arg. : _bHomo Sapiens, _c2005. |
||
| 300 |
_a78 p. : _bil. col. |
||
| 440 | 3 | _aLa flor de la canela | |
| 651 | 4 |
_aARGENTINA - _xHISTORIA _97804 |
|
| 650 | 4 |
_aFOLKLORE - _zARGENTINA _920868 |
|
| 650 | 4 |
_aLibros y lectura para niños _92290 |
|
| 700 | 1 |
_aPasut, Marta, _ecoaut. |
|
| 905 | _aInfantil | ||
| 999 |
_c142672 _d142672 |
||